The magneto-ionic theory and its applications to the ionosphere : (Record no. 72560)
[ view plain ]
| 000 -LEADER | |
|---|---|
| fixed length control field | 00726nam a2200229 a 4500 |
| 001 - CONTROL NUMBER | |
| control field | 72560 |
| 003 - CONTROL NUMBER IDENTIFIER | |
| rucl marc code | BD-RjUL |
| 005 - DATE AND TIME OF LATEST TRANSACTION | |
| control field | 20211209082257.0 |
| 008 - FIXED-LENGTH DATA ELEMENTS--GENERAL INFORMATION | |
| fixed length control field | 170521s1959 enka b 001 0 eng |
| 035 ## - SYSTEM CONTROL NUMBER | |
| System control number | (BD-RjUL)72778 |
| 040 ## - CATALOGING SOURCE | |
| Original cataloging agency | DLC/ICU |
| Transcribing agency | ICU |
| Modifying agency | BD-RjUL |
| Language of cataloging | eng |
| 041 ## - LANGUAGE CODE | |
| Language code of text/sound track or separate title | eng |
| 082 00 - DEWEY DECIMAL CLASSIFICATION NUMBER | |
| Classification number | 537.12 |
| Edition number | 23 |
| Author mark and year | RAM 1959 |
| 100 1# - MAIN ENTRY--PERSONAL NAME | |
| Personal name | Ratcliffe, J. A. |
| Fuller form of name | (John Ashworth) |
| 9 (RLIN) | 214629 |
| 245 14 - TITLE STATEMENT | |
| Title | The magneto-ionic theory and its applications to the ionosphere : |
| Remainder of title | a monograph / |
| Statement of responsibility, etc. | J. A.Ratcliffe |
| 260 ## - PUBLICATION, DISTRIBUTION, ETC. (IMPRINT) | |
| Place of publication, distribution, etc. | Cambridge [Eng.] : |
| Name of publisher, distributor, etc. | University Press, |
| Date of publication, distribution, etc. | 1959. |
| 300 ## - PHYSICAL DESCRIPTION | |
| Pagination | 206 p. : |
| Illustrations | ill. ; |
| Size | 23 cm. |
| 504 ## - BIBLIOGRAPHY, ETC. NOTE | |
| Bibliography, etc | Includes index and bibliography. |
| 650 #0 - SUBJECT ADDED ENTRY--TOPICAL TERM | |
| Topical term or geographic name as entry element | Magnetoionic theory. |
| 9 (RLIN) | 214630 |
| 942 ## - ADDED ENTRY ELEMENTS (KOHA) | |
| Source of classification or shelving scheme | Dewey Decimal Classification |
| Koha item type | Books |
| Lost status | Source of classification or shelving scheme | Damaged status | Not for loan | Collection code | Permanent Location | Current Location | Shelving location | Date acquired | Source of acquisition | Cost, normal purchase price | Total Checkouts | Full call number | Date last seen | Copy number | Koha item type |
|---|---|---|---|---|---|---|---|---|---|---|---|---|---|---|---|
| Dewey Decimal Classification | Not For Loan | Non-fiction | Central Library, University of Rajshahi | Central Library, University of Rajshahi | Reading Room | 25/01/1961 | Mirza Book Agency | 7.87 | 537.12 RAM 1959 | 21/05/2017 | C-1 | Books |